| 000 | 01612cam a22004214i 4500 | ||
|---|---|---|---|
| 003 | PE-LiUPU | ||
| 005 | 20250731175627.0 | ||
| 008 | 190711s2018 pe a rb 000 0 spa d | ||
| 035 | _a(Sirsi) a252285 | ||
| 040 |
_aPE-LiUPU _bspa _cPE-LiUPU _erda |
||
| 049 | _aPRUA | ||
| 082 | 0 | 4 |
_a498.5 _bV21 _221 |
| 100 | 1 |
_aValenzuela Bismarck, Pilar, _eautor. |
|
| 245 | 1 | 0 |
_aTesoro de nombres shipibo-konibo / _cPilar Valenzuela Bismarck. |
| 250 | _aPrimera edición. | ||
| 264 | 1 |
_aLima : _bRegistro Nacional de Identificación y Estado Civil, _c2018. |
|
| 300 |
_a154 páginas : _bilustraciones ; _c21 centímetros |
||
| 336 |
_atext _2rdacontent |
||
| 337 |
_aunmediated _2rdamedia |
||
| 338 |
_avolume _2rdacarrier |
||
| 504 | _aBibliografía: páginas 141-147. | ||
| 505 | 0 | _aConociendo al pueblo shipibo-konibo -- conociendo la lengua shipibo-konibo -- antroponimia shipibo-konibo -- tesoro de nombres shipibo-konibo. | |
| 526 | _aP145 | ||
| 526 | _aP127 | ||
| 526 | _aP97 | ||
| 526 | _aP35 | ||
| 526 | _aP14 | ||
| 526 | _aP07 | ||
| 650 | 1 | 4 |
_aLenguas indígenas _zPerú _x(Shipibo-Conibo). |
| 650 | 2 | 4 |
_aLenguas indígenas _zAmazonía, Región. |
| 650 | 2 | 4 |
_aNombres personales _xShipibo-Conibo. |
| 910 |
_adbm _bksl _cksl _d20190711 |
||
| 942 |
_2ddc _cBOOK |
||
| 994 |
_aC0 _bPEPRU |
||
| 596 | _a1 | ||
| 999 |
_a498.5 V21 _wDEWEY _c31515 _i80278 _f2021-11-8 _g3 _lCCODEBUL1 _mBUL _p15.00 _r0 _sY _tBOOK _u2019-7-11 _xEDUCACION _zUNKNOWN _0COMPRA _o.STAFF. Colección Ciencias Humanas y Educación _d31515 |
||
| 980 |
_81 _gALBERTO SANCHEZ Responsable de Automatización |
||